|
|
|
|
| LEADER |
01944nam a2200469 a 4500 |
| 001 |
000626649 |
| 003 |
CZ BrMZK |
| 005 |
20070827093804.0 |
| 007 |
ta |
| 008 |
021001s2002 xr f cze d |
| 015 |
|
|
|a cnb001187290
|
| 020 |
|
|
|a 80-7277-101-9
|
| 035 |
|
|
|a (OCoLC)51919719
|
| 040 |
|
|
|a BOA001
|b cze
|
| 043 |
|
|
|a e-xr---
|a ec-----
|
| 045 |
|
|
|a w8x3
|
| 072 |
|
7 |
|a 330.5+338
|x Národní hospodářství a hospodářská politika
|2 Konspekt
|9 4
|
| 080 |
|
|
|a 338(091)
|2 MRF
|
| 080 |
|
|
|a 339.92
|2 MRF
|
| 080 |
|
|
|a (437.3)
|2 MRF
|
| 080 |
|
|
|a (4-191.2)
|2 MRF
|
| 080 |
|
|
|a (048.8)
|2 MRF
|
| 100 |
1 |
|
|a Lacina, Vlastislav,
|d 1931-2020
|7 jk01071360
|4 lso
|4 aut
|
| 245 |
1 |
0 |
|a Kdy nám bylo nejlépe? :
|b od hospodářské dezintegrace k integraci střední Evropy /
|c Vlastislav Lacina, Jan Hájek
|
| 250 |
|
|
|a 1. vyd.
|
| 260 |
|
|
|a Praha :
|b Libri,
|c 2002
|
| 300 |
|
|
|a 183 s. :
|b il. ;
|c 21 cm
|
| 490 |
1 |
|
|a Otazníky našich dějin
|
| 500 |
|
|
|a Německé a anglické resumé
|
| 504 |
|
|
|a Obsahuje bibliografické odkazy a bibliografii
|
| 650 |
0 |
7 |
|a hospodářské dějiny
|7 ph114703
|z Česko
|y 1880-1937
|2 czenas
|
| 650 |
0 |
7 |
|a hospodářské dějiny
|7 ph114703
|z Evropa střední
|y 1880-1937
|2 czenas
|
| 650 |
0 |
7 |
|a ekonomická integrace
|7 ph119825
|z Evropa střední
|y 1918-
|2 czenas
|
| 655 |
|
7 |
|a studie
|7 fd133597
|2 czenas
|
| 700 |
1 |
|
|a Hájek, Jan,
|d 1954-
|7 jn20000401140
|4 aut
|
| 830 |
|
0 |
|a Otazníky našich dějin
|0 s
|
| 856 |
4 |
1 |
|u http://www.digitalniknihovna.cz/mzk/uuid/uuid:e474e290-cb6f-11e2-a712-005056827e51
|y Digitalizovaný dokument
|x NDK
|
| 910 |
|
|
|a BOA001
|b 2-1107.569
|
| 990 |
|
|
|a BK
|
| 996 |
6 |
|
|b 2610172007
|c 2-1107.569
|l MZK
|r Sklad / do 1 hodiny
|n 3
|p p.v.
|w 000626649
|u 000010
|a 1
|e BOA001
|j MZK50
|s P
|
| 996 |
7 |
|
|b 2610172008
|c 2-1107.569
|l MZK
|r Sklad / do 1 hodiny
|n 16
|p kup
|w 000626649
|u 000020
|a 1
|e BOA001
|j MZK50
|s A
|
| 996 |
7 |
|
|b 2610172788
|c 2-1107.569
|l MZK
|r Sklad / do 1 hodiny
|n 11
|p kup
|w 000626649
|u 000030
|a 1
|e BOA001
|j MZK50
|s A
|